|
|
|
|
| LEADER |
00000nab a2200000ua 4500 |
| 001 |
vtls010796700 |
| 003 |
SK-MaSNL |
| 005 |
20260303120319.0 |
| 008 |
230131s1974 xo |||||||||||||||||slo| |
| 035 |
|
|
|a (urnnbn)urn:nbn:sk:snk:ar-a001ug
|
| 035 |
|
|
|a (uuid)ad530201-5acb-4b4f-966f-c3b0fd89fdba
|
| 035 |
|
|
|a urn:nbn:sk:snk-ab4z9d
|
| 040 |
|
|
|a SNKBUCL
|b slo
|c SNKBUCL
|e AACR2
|
| 041 |
0 |
|
|a slo
|
| 044 |
|
|
|a xo
|c SK
|
| 100 |
1 |
|
|a Brokeš
|4 aut
|9 946505
|
| 245 |
1 |
0 |
|a Prevencia proti rabovke
|c Brokeš
|
| 773 |
0 |
|
|t Včelár : odborný časopis Povereníctva poľnohospodárstva a lesného hospodárstva a Ústredia včelárskych združení na Slovensku
|g Roč. 48, č. 7 (1974), s. 158
|
| 954 |
|
|
|a odborná, vedecká literatúra pôvodná (slovenská)
|2 lita
|
| 958 |
|
|
|a OND
|
| 958 |
|
|
|a EUIPO
|
| 958 |
|
|
|a article3
|
| 999 |
|
|
|c 1908784
|d 1910714
|